Tilastot visalle Etelä-Sudan-visa

Klikkaa tästä pelataksesi tätä visaa!

Yleistilastot

  • Tätä visaa on pelattu 194 kertaa
  • Keskiarvotulos 14 / 17

Vastaustilastot

VihjeVastaus% Oikein
Etelä-Sudanin naapurimaatSudan
98%
Etelä-Sudanin naapurimaatEtiopia
97%
Etelä-Sudanin naapurimaatKeski-Afrikan tasavalta
93%
Etelä-Sudanin naapurimaatKongon dem. tasavalta
93%
Siirtomaavalta, joka hallitsi Etelä-Sudania 1899 –1956Yhdistynyt kuningaskunta
91%
Etelä-Sudanin naapurimaatUganda
89%
Etelä-Sudanin naapurimaatKenia
88%
Vuosi, jolloin Etelä-Sudan itsenäistyi2011
86%
Virallinen kieliEnglanti
86%
PääkaupunkiJuba
85%
Joki, jonka varrella yllä oleva sijaitseeValkoinen Niili
84%
Toinen Etelä-Sudanin "lingua franca"Arabia
80%
Kieli, josta Etelä-Sudan aikoo tehdä virallisen kielenSwahili
69%
Tämä teollisuus kattaa 98 % hallituksen tuloista{Öljy}teollisuus
66%
ValuuttaPunta
66%
Yksi maailman suurimmista suoalueista, sijaitsee yllä olevan ympäristössäSudd
43%
Etelä-Sudanin suurin kansa, pidetään joskus maailman pisimpänäDinkat
42%

Tulosjakauma

Persentiili vastausten määrän mukaan

Jokaisen tuloksen saaneiden osuus

Tuloshistoriasi

Et ole pelannut tätä visaa